Norma Chilena Oficial NCh-ISO 9004-3. Of97
Bewaard in:
| Coauteurs: | , |
|---|---|
| Formaat: | Boek |
| Taal: | Spaans |
| Gepubliceerd in: |
Santiago
Instituto Nacional de Normalización
1997
|
| Editie: | 1a. ed |
| Onderwerpen: | |
| Tags: |
Voeg label toe
Geen labels, Wees de eerste die dit record labelt!
|
MARC
| LEADER | 00000nam a2200000 a 4500 | ||
|---|---|---|---|
| 001 | UCK6025 | ||
| 003 | CL-VaPUC | ||
| 008 | 050902e19970000CL |||||||||||||||||spa|d | ||
| 082 | 0 | 4 | |a 658.562 |b INS |2 21 |
| 110 | 2 | |a Instituto Nacional de Normalización |e author |9 495081 | |
| 710 | 2 | |a INN |e author |9 495082 | |
| 245 | 1 | 0 | |a Norma Chilena Oficial NCh-ISO 9004-3. Of97 |
| 246 | 1 | 0 | |a Gestión de calidad y elementos del sistema de calidad - parte 3: guía para los materiales procesados |
| 250 | |a 1a. ed | ||
| 300 | |a 42 p | ||
| 942 | |c BK | ||
| 945 | |d 20050902 00:00:00 |a jcarroza | ||
| 260 | |a Santiago |b Instituto Nacional de Normalización |c 1997 | ||
| 650 | 0 | |a Control de calidad |9 259714 | |
| 650 | 0 | |a Normas de calidad |9 455390 | |
| 650 | 0 | |a Gestión de calidad |9 369563 | |
| 650 | 7 | |a NORMAS |2 CL-VaPUC |9 259606 | |
| 583 | |a last modification |c 20050902 00:00:00 |k Rodrigo Vera | ||
| 999 | |c 314420 |d 314418 | ||